The social record of Christianity.

Saved in:
Bibliografiske detaljer
Hovedforfatter: McCabe, Joseph, 1867-1955
Format: Bog
Sprog:English
Udgivet: London : Watts, [1935].
Serier:Thinker's library ; no. 51
Fag:
LEADER 00944nam a2200265 i 4500
001 c000257050
003 CARM
005 20100721151244.0
008 850403s1935 enk 0 eng d
019 1 |a 3291407  |z 22623022  |z 12609550  |5 LACONCORD2021 
035 |a (OCoLC)3946306  |5 LACONCORD2021 
040 |a VLU  |c VLU 
082 0 4 |a 261.1 
100 1 |a McCabe, Joseph,  |d 1867-1955. 
245 1 4 |a The social record of Christianity. 
260 |a London :  |b Watts,  |c [1935]. 
300 |a 144 p. :  |b illus. 
490 0 |a Thinker's library ;  |v no. 51 
500 |a Revised edition of his The church and the people. 
650 0 |a Sociology, Christian  |x History. 
650 0 |a Working class. 
650 0 |a Rationalism. 
852 8 |b CARM  |h A2:AO22G0  |i A04015  |p 0322639  |f BK 
999 f f |i 502e8e69-7dde-5d9d-98e2-4e4ca7352c31  |s 87d7611b-246d-555b-8924-f80076b5b74f 
952 f f |p Can circulate  |a CAVAL  |b CAVAL  |c CAVAL  |d CARM 1 Store  |e A04015  |f A2:AO22G0  |h Other scheme  |i book  |m 0322639